[Event "Bad Woerishofen Seniors op 32nd"]
[Site "Bad Woerishofen"]
[Date "2016.03.04"]
[Round "8"]
[White "Gauer, Jacques"]
[Black "Daeubler, Heinrich"]
[Result "0-1"]
[WhiteElo "1940"]
[BlackElo "2159"]
[PlyCount "66"]
[EventDate "2016.02.26"]
[EventType "swiss"]
[EventRounds "9"]
[EventCountry "GER"]
[SourceTitle "EXT 2019"]
[Source "ChessBase"]
[SourceDate "2018.10.10"]
[SourceVersion "1"]
[SourceVersionDate "2018.10.10"]
[SourceQuality "1"]

1. e4 g6 2. d4 Bg7 3. Be3 d6 4. Nc3 a6 5. Qd2 b5 6. Bd3 Bb7 7. f3 Nd7 8. 0-0-0 c5 9. dxc5 dxc5 10. Kb1 Qc7 11. Bf4 e5 12. Bg5 Ngf6 13. Nh3 h6 14. Be3 0-0-0 15. Qf2 Bf8 16. Rd2 c4 17. Be2 Bb4 18. Rhd1 g5 19. Ba7 Bxc3 20. bxc3 Bxe4 21. fxe4 Nxe4 22. Qe3 Nxd2+ 23. Rxd2 f5 24. Rd5 Qc6 25. Rd1 g4 26. Nf2 Kb7 27. Nxg4 fxg4 28. Bxg4 Nf6 29. Rxd8 Rxd8 30. Bf5 Nd5 31. Qg1 Nxc3+ 32. Kb2 Na4+ 33. Kc1 Qd6 0-1

[Event "Bad Woerishofen Seniors op 32nd"]
[Site "Bad Woerishofen"]
[Date "2016.02.29"]
[Round "4"]
[White "Klempt, Guenter"]
[Black "Gauer, Jacques"]
[Result "0-1"]
[WhiteElo "2039"]
[BlackElo "1940"]
[PlyCount "158"]
[EventDate "2016.02.26"]
[EventType "swiss"]
[EventRounds "9"]
[EventCountry "GER"]
[SourceTitle "EXT 2019"]
[Source "ChessBase"]
[SourceDate "2018.10.10"]
[SourceVersion "1"]
[SourceVersionDate "2018.10.10"]
[SourceQuality "1"]

1. d4 Nf6 2. c4 g6 3. Nc3 d5 4. Nf3 Bg7 5. Bg5 Ne4 6. Bf4 Nxc3 7. bxc3 dxc4 8. Qa4+ Nd7 9. Qxc4 c5 10. e3 0-0 11. Be2 cxd4 12. Bc7 Qe8 13. cxd4 Nb6 14. Qc5 Na4 15. Qa3 Bd7 16. 0-0 Nb6 17. Rac1 Bc6 18. Rfd1 Qd7 19. Be5 f6 20. Bg3 Rfc8 21. d5 Ba4 22. Rxc8+ Rxc8 23. Rd2 Bb5 24. Bxb5 Qxb5 25. Rd1 Qa4 26. Qxa4 Nxa4 27. h3 Nc3 28. Rd2 Ne4 29. Rd1 Nxg3 30. fxg3 Rc2 31. Rd2 Rc3 32. d6 exd6 33. Rxd6 Rxe3 34. g4 Kf7 35. Rd7+ Re7 36. Rd8 Bh6 37. Kf1 Be3 38. Rh8 Ke6 39. Ke2 Kd5 40. Rc8 Bc5+ 41. Kd2 Kc4 42. Kd1 Kb5 43. Ne1 b6 44. Nd3 Rd7 45. Kc2 Re7 46. Nxc5 bxc5 47. Kd2 Kc4 48. Rf8 Re6 49. Rf7 Ra6 50. Rxh7 Rxa2+ 51. Ke3 Rxg2 52. Rxa7 Rg3+ 53. Kf2 Rxh3 54. Rf7 Rd3 55. Rxf6 g5 56. Rg6 Rd5 57. Ke3 Kc3 58. Rf6 Re5+ 59. Kf3 Kd4 60. Rd6+ Rd5 61. Rf6 c4 62. Ke2 c3 63. Rc6 Rc5 64. Rd6+ Kc4 65. Rb6 Rd5 66. Rc6+ Kb3 67. Rb6+ Kc2 68. Rb4 Re5+ 69. Kf2 Kc1 70. Rb8 c2 71. Rb7 Re4 72. Kf3 Rf4+ 73. Kg3 Rf1 74. Kg2 Rd1 75. Kf2 Kd2 76. Rd7+ Kc3 77. Rc7+ Kd2 78. Rd7+ Kc1 79. Rb7 Rd4 0-1

[Event "Lille Luce op 5th"]
[Site "Lille"]
[Date "2014.05.03"]
[Round "8"]
[White "Gauer, Jacques"]
[Black "Soubirou, Oriane"]
[Result "0-1"]
[WhiteElo "1868"]
[BlackElo "2060"]
[PlyCount "70"]
[EventDate "2014.04.28"]
[EventType "swiss"]
[EventRounds "9"]
[EventCountry "FRA"]
[SourceTitle "CBM 160 Extra"]
[Source "ChessBase"]
[SourceDate "2014.07.01"]
[SourceVersion "1"]
[SourceVersionDate "2014.07.01"]
[SourceQuality "1"]

1. e4 e6 2. d4 d5 3. e5 c5 4. c3 Nc6 5. Nf3 Bd7 6. Be2 Qc7 7. 0-0 f6 8. Bf4 0-0-0 9. Bg3 f5 10. Ng5 Nh6 11. Bh5 g6 12. Be2 cxd4 13. cxd4 Qb6 14. Nc3 Qxd4 15. Qc2 Be7 16. Nf3 Qc5 17. Qd2 Nf7 18. Rfc1 g5 19. b4 Qxb4 20. Rab1 Qa5 21. Rb5 Qc7 22. Nd4 f4 23. Nxd5 exd5 24. e6 Nfe5 25. exd7+ Qxd7 26. Bxf4 gxf4 27. Qxf4 Qd6 28. Nf5 Qf6 29. Nxe7+ Qxe7 30. Qf5+ Kb8 31. f4 Rhf8 32. Qc2 Rxf4 33. Qd2 Rb4 34. Rxb4 Qxb4 35. Qc2 Qe4 0-1

[Event "Dieppe op-A 8th"]
[Site "Dieppe"]
[Date "2012.08.26"]
[Round "1"]
[White "Gauer, Jacques"]
[Black "Dourerassou, Jonathan"]
[Result "0-1"]
[WhiteElo "1934"]
[BlackElo "2460"]
[PlyCount "86"]
[EventDate "2012.08.26"]
[EventType "swiss"]
[EventRounds "9"]
[EventCountry "FRA"]
[SourceTitle "EXT 2013"]
[Source "ChessBase"]
[SourceDate "2012.11.22"]
[SourceVersion "1"]
[SourceVersionDate "2012.11.22"]
[SourceQuality "1"]

1. e4 c5 2. c3 Nf6 3. e5 Nd5 4. Bc4 Nb6 5. Bb3 c4 6. Bc2 Nc6 7. Nf3 g6 8. 0-0 Bg7 9. Qe2 d6 10. exd6 Qxd6 11. h3 0-0 12. d4 cxd3 13. Bxd3 e5 14. Rd1 Qc7 15. Na3 a6 16. Be4 Na5 17. Be3 Nac4 18. Nxc4 Nxc4 19. Bg5 Be6 20. Bd5 Bxd5 21. Rxd5 Nb6 22. Rd2 Rae8 23. Rad1 e4 24. Nd4 Nc4 25. Rc2 h6 26. Bc1 f5 27. b3 Ne5 28. Bf4 Kh7 29. Rcd2 Rf7 30. c4 Qc8 31. Bxe5 Rxe5 32. Nc2 f4 33. Rd8 Qc7 34. Qg4 h5 35. Qc8 Qxc8 36. Rxc8 e3 37. Rcd8 e2 38. Re1 f3 39. gxf3 Rg5+ 40. Kh2 Rxf3 41. Rxe2 Be5+ 42. Rxe5 Rxf2+ 43. Kh1 Rxe5 0-1

[Event "Liechtenstein op Seniors 11th"]
[Site "Triesen"]
[Date "2011.06.04"]
[Round "9"]
[White "Gauer, Jacques"]
[Black "Goris Schouwstra, Adry"]
[Result "1/2-1/2"]
[WhiteElo "1971"]
[BlackElo "1881"]
[PlyCount "38"]
[EventDate "2011.05.27"]
[EventType "swiss"]
[EventRounds "9"]
[EventCountry "LIE"]
[SourceTitle "EXT 2012"]
[Source "ChessBase"]
[SourceDate "2011.11.24"]
[SourceVersion "1"]
[SourceVersionDate "2011.11.24"]
[SourceQuality "1"]

1. e4 e6 2. d4 d5 3. e5 c5 4. c3 Nc6 5. Nf3 Qb6 6. a3 c4 7. Be2 Bd7 8. h4 h6 9. h5 Nge7 10. 0-0 0-0-0 11. Nbd2 Na5 12. Ne1 f5 13. b4 cxb3 14. Nd3 g5 15. hxg6 Nxg6 16. Rb1 Ba4 17. Nb2 Bc6 18. Nd3 Ba4 19. Bb2 Nc4 1/2-1/2

[Event "Liechtenstein op Seniors 11th"]
[Site "Triesen"]
[Date "2011.05.30"]
[Round "4"]
[White "Bucher, Rolf"]
[Black "Gauer, Jacques"]
[Result "1/2-1/2"]
[WhiteElo "2031"]
[BlackElo "1971"]
[PlyCount "51"]
[EventDate "2011.05.27"]
[EventType "swiss"]
[EventRounds "9"]
[EventCountry "LIE"]
[SourceTitle "EXT 2012"]
[Source "ChessBase"]
[SourceDate "2011.11.24"]
[SourceVersion "1"]
[SourceVersionDate "2011.11.24"]
[SourceQuality "1"]

1. c4 c5 2. g3 Nc6 3. Bg2 g6 4. Nc3 Bg7 5. Nf3 e6 6. d3 Nge7 7. Bg5 0-0 8. Qd2 Re8 9. Ne4 Qa5 10. Qxa5 Nxa5 11. 0-0-0 Nac6 12. Nxc5 h6 13. Bd2 d5 14. Kb1 b6 15. Nb3 a5 16. cxd5 exd5 17. Rc1 a4 18. Na1 a3 19. b3 Bf5 20. Rhe1 Rac8 21. Nc2 Bb2 22. Rcd1 g5 23. h3 d4 24. Bc1 Bc3 25. Nd2 Nb4 26. Nxb4 1/2-1/2

[Event "Liechtenstein op Seniors 11th"]
[Site "Triesen"]
[Date "2011.05.29"]
[Round "3"]
[White "Gauer, Jacques"]
[Black "Goris, Ton"]
[Result "1/2-1/2"]
[WhiteElo "1971"]
[BlackElo "1999"]
[PlyCount "70"]
[EventDate "2011.05.27"]
[EventType "swiss"]
[EventRounds "9"]
[EventCountry "LIE"]
[SourceTitle "EXT 2012"]
[Source "ChessBase"]
[SourceDate "2011.11.24"]
[SourceVersion "1"]
[SourceVersionDate "2011.11.24"]
[SourceQuality "1"]

1. e4 e6 2. d4 d5 3. e5 c5 4. c3 Nc6 5. Nf3 Qb6 6. a3 c4 7. Be2 Bd7 8. Nbd2 Na5 9. Rb1 Rc8 10. h4 h5 11. g3 Nh6 12. 0-0 Be7 13. Re1 Nf5 14. Qc2 Rc7 15. Nf1 Nb3 16. N3d2 Ba4 17. Nxb3 Bxb3 18. Qd2 a5 19. Ne3 Nxe3 20. Qxe3 Kd8 21. Bf3 Kc8 22. Bg2 Kb8 23. Qe2 Rc6 24. f4 g6 25. Bf3 Qd8 26. Be3 b5 27. Rec1 Ra6 28. Ra1 Qb6 29. f5 Qd8 30. fxg6 fxg6 31. Qd2 Ra7 32. Rf1 Rg8 33. Bg5 Bxg5 34. Qxg5 Qxg5 35. hxg5 Bc2 1/2-1/2

[Event "Liechtenstein op 28th"]
[Site "Triesen"]
[Date "2010.05.07"]
[Round "1"]
[White "Gauer, Jacques"]
[Black "Andersen, Mads"]
[Result "0-1"]
[WhiteElo "1986"]
[BlackElo "2353"]
[PlyCount "86"]
[EventDate "2010.05.07"]
[EventType "swiss"]
[EventRounds "9"]
[EventCountry "LIE"]
[SourceTitle "CBM 136 Extra"]
[Source "ChessBase"]
[SourceDate "2010.07.02"]
[SourceVersion "2"]
[SourceVersionDate "2010.07.15"]
[SourceQuality "1"]

1. e4 c5 2. c3 Nf6 3. e5 Nd5 4. Bc4 Nb6 5. Bb3 e6 6. Nf3 d6 7. exd6 Bxd6 8. 0-0 0-0 9. d4 Qc7 10. dxc5 Bxc5 11. Qe2 Nc6 12. Nbd2 Be7 13. Ne4 Nd5 14. g3 b6 15. Bg5 Bb7 16. Bc2 h6 17. Bxe7 Ndxe7 18. Rad1 Na5 19. Nd4 a6 20. f4 Rae8 21. Qh5 Nd5 22. Qe2 Nc4 23. Rf3 Nxb2 24. Rb1 Nc4 25. Bd3 Nd6 26. Nxd6 Qxd6 27. Bxa6 Bxa6 28. Qxa6 Nxc3 29. Qxb6 Qxd4+ 30. Qxd4 Ne2+ 31. Kf2 Nxd4 32. Rd3 Nc6 33. Rb7 Rb8 34. Rc7 Rfc8 35. Rdd7 Rxc7 36. Rxc7 Rb2+ 37. Ke3 Nb4 38. Rc8+ Kh7 39. Re8 Rxa2 40. h4 Ra3+ 41. Kf2 Nd5 42. Rf8 Kg6 43. h5+ Kf6 0-1

[Event "Dresden ZMD op"]
[Site "Dresden"]
[Date "2009.07.30"]
[Round "6"]
[White "Gutt, Oswald"]
[Black "Gauer, Jacques"]
[Result "1-0"]
[WhiteElo "2059"]
[BlackElo "1966"]
[PlyCount "101"]
[EventDate "2009.07.25"]
[EventType "swiss"]
[EventRounds "9"]
[EventCountry "GER"]
[SourceTitle "CBM 131 Extra"]
[Source "ChessBase"]
[SourceDate "2009.09.03"]
[SourceVersion "2"]
[SourceVersionDate "2009.09.16"]
[SourceQuality "1"]

1. Nf3 c5 2. g3 d5 3. Bg2 Nc6 4. 0-0 Nf6 5. d3 e5 6. Nbd2 Bf5 7. c4 e4 8. Nh4 Be6 9. cxd5 Nxd5 10. Nxe4 Be7 11. Nf3 Nd4 12. Nxd4 cxd4 13. Qa4+ Kf8 14. Qxd4 h5 15. h4 Rg8 16. Ng5 Qd6 17. Nxe6+ fxe6 18. Bxd5 Qxd5 19. Qxd5 exd5 20. Bd2 Bf6 21. Bc3 d4 22. Bb4+ Kf7 23. Rac1 Rac8 24. Kg2 g5 25. hxg5 Bxg5 26. Rxc8 Rxc8 27. f4 Bf6 28. Kf3 Rc2 29. Rb1 Ke6 30. a4 b6 31. Ba3 Kf5 32. Rh1 Kg6 33. Rh2 a6 34. Ke4 Bg7 35. Kf3 Bf6 36. Rg2 Bg7 37. e4 Rc1 38. Be7 Rd1 39. Ke2 Rb1 40. Ba3 Rc1 41. Kd2 Rh1 42. Be7 Ra1 43. g4 Kf7 44. gxh5 Bh6 45. Bg5 Bg7 46. h6 Bh8 47. e5 Rxa4 48. Bd8 Rb4 49. Kc2 Rb5 50. e6+ Kxe6 51. Rg8 1-0

[Event "Valle d'Aosta op 14th"]
[Site "Saint Vincent"]
[Date "2006.10.02"]
[Round "3"]
[White "Gauer, Jacques"]
[Black "Colas, Yves"]
[Result "1-0"]
[WhiteElo "1973"]
[BlackElo "1850"]
[PlyCount "117"]
[EventDate "2006.09.30"]
[EventType "swiss"]
[EventRounds "9"]
[EventCountry "ITA"]
[SourceTitle "CBM 114 Extra"]
[Source "ChessBase"]
[SourceDate "2006.11.03"]
[SourceVersion "1"]
[SourceVersionDate "2006.11.03"]
[SourceQuality "1"]

1. e4 c5 2. c3 Nf6 3. e5 Nd5 4. Nf3 Nc6 5. Bc4 Nb6 6. Bb3 d5 7. exd6 Qxd6 8. h3 Be6 9. 0-0 Bxb3 10. Qxb3 e6 11. Na3 Qd3 12. Qb5 0-0-0 13. Re1 Be7 14. Qxd3 Rxd3 15. Re3 Rhd8 16. Nc2 Bf6 17. b3 h6 18. Ba3 c4 19. Bc5 Nd5 20. Rxd3 cxd3 21. Ncd4 Nxd4 22. Bxd4 a6 23. Bxf6 gxf6 24. g3 e5 25. Re1 Ne7 26. Re4 Ng6 27. Nh4 Ne7 28. f4 Nc6 29. Nf5 Kd7 30. Nxh6 Rh8 31. Ng4 Ke6 32. Nf2 f5 33. Re3 e4 34. Nxd3 Rxh3 35. Nc5+ Kd5 36. Nxb7 f6 37. c4+ Kd4 38. Nd6 Rh5 39. Ne8 Nb4 40. Nc7 Kc5 41. Ne6+ Kc6 42. Ng7 Rh8 43. Nxf5 Re8 44. d4 Nxa2 45. Kg2 Nb4 46. Re1 Nc2 47. Re2 Nb4 48. Kf2 Nd3+ 49. Ke3 Nc1 50. Rb2 Nd3 51. Ra2 Kb6 52. c5+ Ka7 53. Nd6 Re6 54. f5 Rxd6 55. cxd6 Nb4 56. Ra4 Nd5+ 57. Kxe4 Nc3+ 58. Kd3 Nxa4 59. bxa4 1-0

[Event "Valle d'Aosta op 14th"]
[Site "Saint Vincent"]
[Date "2006.10.01"]
[Round "2"]
[White "Testa, Adriano"]
[Black "Gauer, Jacques"]
[Result "1-0"]
[WhiteElo "1729"]
[BlackElo "1973"]
[PlyCount "161"]
[EventDate "2006.09.30"]
[EventType "swiss"]
[EventRounds "9"]
[EventCountry "ITA"]
[SourceTitle "CBM 114 Extra"]
[Source "ChessBase"]
[SourceDate "2006.11.03"]
[SourceVersion "1"]
[SourceVersionDate "2006.11.03"]
[SourceQuality "1"]

1. e4 c5 2. Nf3 d6 3. d4 cxd4 4. Qxd4 Bd7 5. c4 Nc6 6. Qd2 g6 7. Nc3 Bh6 8. Qd1 Bxc1 9. Rxc1 Nf6 10. Be2 0-0 11. Qd2 Kg7 12. 0-0 Rc8 13. b3 Qa5 14. Qb2 Ne5 15. Nd5 Nxf3+ 16. Bxf3 e5 17. Rfd1 Qd8 18. Qa3 Ne8 19. Qxa7 Be6 20. Qb6 Qg5 21. Qe3 Qd8 22. Nb6 Rc7 23. c5 Qe7 24. Nd5 Bxd5 25. Rxd5 dxc5 26. Rcxc5 f6 27. Rxc7 Nxc7 28. Rd1 Ne6 29. Qb6 Rc8 30. Qd6 Qxd6 31. Rxd6 Rc1+ 32. Rd1 Rc2 33. Rd7+ Kg8 34. g3 Rxa2 35. Rxb7 Nd4 36. Kg2 Rb2 37. b4 Nc2 38. Rb5 Kg7 39. Rb7+ Kf8 40. Be2 Rxb4 41. Rxb4 Nxb4 42. f3 Nc2 43. Kf2 Ke7 44. Bd1 Nd4 45. Ke3 Kd6 46. h4 Kc5 47. h5 gxh5 48. f4 h4 49. gxh4 Ne6 50. fxe5 fxe5 51. h5 h6 52. Bg4 Nf4 53. Bf3 Kd6 54. Kf2 Ke7 55. Kg3 Kf6 56. Kh4 Ne6 57. Bh1 Nd4 58. Kg4 Ke7 59. Kg3 Kd6 60. Kf2 Kc5 61. Ke3 Kc4 62. Bg2 Kc3 63. Bh3 Nc2+ 64. Kf3 Kd4 65. Bf5 Ne1+ 66. Ke2 Nd3 67. Kf3 Nf4 68. Bg6 Kd3 69. Kg4 Ke3 70. Kf5 Nd3 71. Bh7 Nf4 72. Bg6 Nd3 73. Bf7 Kd4 74. Bg8 Nf4 75. Bf7 Ng2 76. Bg6 Ne3+ 77. Kf6 Ng4+ 78. Kg7 Ke3 79. Bf5 Nh2 80. Kxh6 Nf3 81. Kg7 1-0

[Event "FRA-chT3 Gr12 0304"]
[Site "Loire"]
[Date "2004.03.14"]
[Round "7.7"]
[White "Colombi Gamrat, Marie Pierre"]
[Black "Gauer, Jacques"]
[Result "1-0"]
[WhiteElo "1850"]
[BlackElo "2066"]
[PlyCount "70"]
[EventDate "2003.10.12"]
[EventType "team-tourn"]
[EventRounds "9"]
[EventCountry "FRA"]
[SourceTitle "EXT 2008"]
[Source "ChessBase"]
[SourceDate "2007.11.25"]
[SourceVersion "1"]
[SourceVersionDate "2007.11.25"]
[SourceQuality "1"]

1. d4 Nf6 2. Nf3 c5 3. dxc5 e6 4. g3 Bxc5 5. Bg2 d5 6. 0-0 0-0 7. a3 a6 8. b4 Ba7 9. Bb2 Nbd7 10. Nbd2 b5 11. Nb3 Nb6 12. Bd4 Ne4 13. Ne5 Bd7 14. Bxe4 dxe4 15. Bxb6 Bxb6 16. Qxd7 Qf6 17. Nc6 h5 18. Kg2 h4 19. Nc5 Rfe8 20. Qb7 Bxc5 21. bxc5 Rac8 22. Rad1 h3+ 23. Kxh3 Qf5+ 24. Kg2 Qxc5 25. Nd4 Qxa3 26. Qxe4 Rc4 27. Qb7 Re7 28. Qa8+ Kh7 29. Nxb5 Qc5 30. Qxa6 Rxc2 31. Nd4 Rc3 32. Qa8 Ra7 33. Qe4+ g6 34. Qh4+ Kg7 35. f3 Rc4 1-0